000 00913nam a2200265 a 4500
001 000027287
003 DO-SdBNP
005 20260123082523.0
008 090723s1975 dr 001 0 spa d
040 _aDO-SdBNP
_bspa
_cBNPHU
082 4 _a370.114
_bP421e
_222
100 1 _aPepén, Juan F.
_q (Juan Felix)
_913174
245 1 0 _aEducación de la conducta humana :
_bprincipios de moral individual y social /
_cJuan F. Pepén.
260 _aSanto Domingo :
_bAmigo del Hogar,
_c1975.
300 _a201 p. ;
_c22 cm.
590 _aInventariado, 2018/LP
650 7 _aEducación moral
_91607
_2LIBRUNAM
650 7 _aCivismo
_917229
_2LIBRUNAM
650 7 _aÉtica
_9509
_2LIBRUNAM
650 7 _aConducta de vida
_911947
_2LIBRUNAM
650 7 _aRelaciones interpersonales
_922282
_2LIBRUNAM
650 0 _aValores (Filosofía)
_9604
_2LIBRUNAM
910 _aValidado. Control de calidad EMS
942 _2ddc
_cLBS1
999 _c26779
_d26779